<?xml version="1.0" encoding="UTF-8"?>
<record
    xmlns:xsi="http://www.w3.org/2001/XMLSchema-instance"
    xsi:schemaLocation="http://www.loc.gov/MARC21/slim http://www.loc.gov/standards/marcxml/schema/MARC21slim.xsd"
    xmlns="http://www.loc.gov/MARC21/slim">

  <leader>01331nam0a2200301   4500</leader>
  <controlfield tag="001">RU\NLR\ONL2\10522</controlfield>
  <controlfield tag="005">20251228050847.0</controlfield>
  <datafield tag="035" ind1=" " ind2=" ">
    <subfield code="a">(NLR Aleph) 009658111</subfield>
  </datafield>
  <datafield tag="090" ind1=" " ind2=" ">
    <subfield code="a">13506146</subfield>
    <subfield code="c">13506146</subfield>
  </datafield>
  <datafield tag="100" ind1=" " ind2=" ">
    <subfield code="a">20080815d1952    u  y0rusy50      ca</subfield>
  </datafield>
  <datafield tag="101" ind1="0" ind2=" ">
    <subfield code="a">aze</subfield>
  </datafield>
  <datafield tag="102" ind1=" " ind2=" ">
    <subfield code="a">AZ</subfield>
  </datafield>
  <datafield tag="105" ind1=" " ind2=" ">
    <subfield code="a">a |||||||||</subfield>
  </datafield>
  <datafield tag="200" ind1="1" ind2=" ">
    <subfield code="a">&#x422;&#x43E;&#x445;&#x443;&#x43C;&#x442;&#x4D9;&#x43C;&#x438;&#x437;&#x43B;&#x4D9;j&#x4D9;&#x43D; &#x43C;&#x430;&#x448;&#x44B;&#x43D;&#x43B;&#x430;&#x440;</subfield>
    <subfield code="f">&#x41D;. &#x412;. &#x410;&#x43B;j&#x43E;&#x445;&#x438;&#x43D;</subfield>
    <subfield code="g">&#x410;&#x437;&#x421;&#x421;&#x420; &#x43A;&#x44D;&#x43D;&#x434; &#x442;&#x44D;&#x441;&#x44D;&#x440;&#x440;&#x443;&#x444;&#x430;&#x442;&#x44B; &#x43D;&#x430;&#x437;. &#x41A;&#x44D;&#x43D;&#x434; &#x442;&#x44D;&#x441;&#x44D;&#x440;. &#x442;&#x44D;&#x431;&#x43B;&#x438;&#x433;&#x430;&#x442;&#x44B; &#x438;&#x434;&#x430;&#x440;&#x44D;&#x441;&#x438;</subfield>
  </datafield>
  <datafield tag="210" ind1=" " ind2=" ">
    <subfield code="a">&#x411;&#x430;&#x43A;&#x44B;</subfield>
    <subfield code="c">&#x410;&#x437;&#x44D;&#x440;&#x43D;&#x44D;&#x448;&#x440;</subfield>
    <subfield code="d">1952</subfield>
  </datafield>
  <datafield tag="215" ind1=" " ind2=" ">
    <subfield code="a">48 &#x441;.</subfield>
    <subfield code="c">&#x438;&#x43B;.</subfield>
    <subfield code="d">20</subfield>
  </datafield>
  <datafield tag="225" ind1="1" ind2=" ">
    <subfield code="a">&#x418;&#x441;&#x442;&#x435;h&#x441;&#x430;&#x43B;&#x430;&#x442;&#x434;&#x430;&#x43D; &#x430;&#x439;&#x440;&#x44B;&#x43C;&#x430;&#x434;&#x430;&#x43D; &#x43A;&#x443;&#x442;&#x43B;&#x435;&#x432;&#x438; &#x43A;&#x43E;&#x43B;&#x445;&#x43E;&#x437; &#x43A;&#x430;&#x434;&#x440;&#x43B;&#x430;&#x440;&#x44B; h&#x430;&#x437;&#x44B;&#x440;&#x43B;&#x430;&#x44F;&#x43D; &#x443;&#x447;&#x438;&#x43B;&#x43B;&#x438;&#x43A; &#x430;&#x433;&#x440;&#x43E;&#x442;&#x435;&#x445;&#x43D;&#x438;&#x43A;&#x438; &#x43A;&#x443;&#x440;&#x441;&#x430;&#x43B;&#x430;&#x440; &#x443;&#x447;&#x443;&#x43D; &#x434;&#x44D;&#x440;&#x441; &#x432;&#x44D;&#x441;&#x430;&#x438;&#x442;&#x438;</subfield>
    <subfield code="v">&#x431;&#x438;&#x440;&#x438;&#x43D;&#x447;&#x438; &#x434;&#x44D;&#x440;&#x441; &#x438;&#x43B;&#x438;</subfield>
    <subfield code="i">3-&#x447;&#x443; &#x431;&#x443;&#x440;&#x430;&#x445;&#x44B;&#x43B;&#x44B;&#x448;</subfield>
  </datafield>
  <datafield tag="541" ind1="1" ind2=" ">
    <subfield code="a">&#x41C;&#x430;&#x448;&#x438;&#x43D;&#x44B; &#x434;&#x43B;&#x44F; &#x43E;&#x447;&#x438;&#x441;&#x442;&#x43A;&#x438; &#x441;&#x435;&#x43C;&#x44F;&#x43D;</subfield>
    <subfield code="z">rus</subfield>
  </datafield>
  <datafield tag="606" ind1="0" ind2=" ">
    <subfield code="a">&#x421;&#x435;&#x43C;&#x435;&#x43D;&#x430;</subfield>
    <subfield code="x">&#x41E;&#x447;&#x438;&#x441;&#x442;&#x43A;&#x430; &#x438; &#x441;&#x43E;&#x440;&#x442;&#x438;&#x440;&#x43E;&#x432;&#x43A;&#x430;</subfield>
    <subfield code="x">&#x41C;&#x435;&#x445;&#x430;&#x43D;&#x438;&#x437;&#x430;&#x446;&#x438;&#x44F;</subfield>
    <subfield code="9">1749247</subfield>
    <subfield code="3">RU\NLR\auth\66783471</subfield>
  </datafield>
  <datafield tag="686" ind1="1" ind2=" ">
    <subfield code="a">&#x41F;072.49</subfield>
  </datafield>
  <datafield tag="700" ind1=" " ind2="1">
    <subfield code="a">&#x410;&#x43B;&#x435;&#x445;&#x438;&#x43D;</subfield>
    <subfield code="b">&#x41D;. &#x412;.</subfield>
    <subfield code="g">&#x41D;&#x438;&#x43A;&#x43E;&#x43B;&#x430;&#x439; &#x412;&#x430;&#x441;&#x438;&#x43B;&#x44C;&#x435;&#x432;&#x438;&#x447;</subfield>
    <subfield code="4">070</subfield>
  </datafield>
  <datafield tag="801" ind1=" " ind2="0">
    <subfield code="a">RU</subfield>
    <subfield code="b">NLR</subfield>
    <subfield code="c">20080815</subfield>
    <subfield code="g">PSBO</subfield>
  </datafield>
  <datafield tag="852" ind1=" " ind2=" ">
    <subfield code="a">NLR</subfield>
    <subfield code="b">&#x41E;&#x41D;&#x41B;</subfield>
    <subfield code="j">&#x410;&#x437;&#x435;&#x440;&#x431;./2-6276</subfield>
  </datafield>
  <datafield tag="942" ind1=" " ind2=" ">
    <subfield code="c">BOOK</subfield>
  </datafield>
  <datafield tag="980" ind1=" " ind2=" ">
    <subfield code="a">ONL_RF</subfield>
  </datafield>
  <datafield tag="980" ind1=" " ind2=" ">
    <subfield code="a">NB</subfield>
  </datafield>
</record>
